Vzestup a pád lidské mysli /

Uloženo v:
Hlavní autor: Stránský, Martin Jan, 1956- (Autor)
Další autoři: Bísek, Petr, 1941- (Autor)
Médium: Kniha
Jazyk:Czech
Vydáno: Praha : Improovio, [2024]
Vydání:Vydání první
Témata:
Celkem bylo vypůjčeno:0x
Tagy:
Žádné tagy
LEADER 02092nam a2200565 i 4500
001 106300
003 CZ PrNK
005 20260512113338.0
007 ta
008 240920t20242024xr e 001 0 cze
015 |a cnb003632639 
020 |a 9788090922136  |q (vázáno) 
040 |a BOA001  |b cze  |e rda 
041 1 |a cze  |h eng 
072 7 |a 159.95  |x Vyšší duševní procesy  |2 Konspekt  |9 17 
080 |a 612.82  |2 MRF 
080 |a 159.955  |2 MRF 
080 |a 575.8  |2 MRF 
080 |a 316.3/.6  |2 MRF 
080 |a 611.8+612.8+616.8  |2 MRF 
080 |a (048.8)  |2 MRF 
100 1 |a Stránský, Martin Jan,  |d 1956-  |7 jo20000080242  |4 aut  |9 117328 
240 1 0 |a Rise and fall of the human mind.  |l Česky 
245 1 0 |a Vzestup a pád lidské mysli /  |c Martin Jan Stránský ; z anglického originálu The rise and fall of the human mind přeložil: Petr Bísek 
250 |a Vydání první 
264 1 |a Praha :  |b Improovio,  |c [2024] 
264 4 |c ©2024 
300 |a 278 stran ;  |c 24 cm 
336 |a text  |b txt  |2 rdacontent 
337 |a bez média  |b n  |2 rdamedia 
338 |a svazek  |b nc  |2 rdacarrier 
500 |a Obsahuje QR kód s přístupem k aktualizované bibliografii 
504 |a Obsahuje bibliografii a rejstřík 
650 0 7 |a mozek  |7 ph123008  |x fyziologické aspekty  |2 czenas 
650 0 7 |a myšlení  |7 ph115391  |2 czenas 
650 0 7 |a evoluce (biologie)  |7 ph114506  |2 czenas 
650 0 7 |a člověk a společnost  |7 ph116878  |2 czenas  |9 2420 
650 0 7 |a neurovědy  |7 ph250755  |2 czenas 
650 0 9 |a brain  |x physiological aspects  |2 eczenas 
650 0 9 |a thought and thinking  |2 eczenas 
650 0 9 |a evolution (biology)  |2 eczenas 
650 0 9 |a man and society  |2 eczenas 
650 0 9 |a neurosciences  |2 eczenas 
655 7 |a monografie  |7 fd132842  |2 czenas  |9 53720 
655 9 |a monographs  |2 eczenas 
700 1 |a Bísek, Petr,  |d 1941-  |7 pna2008424854  |4 trl  |9 117329 
910 |a UOG502 
942 |2 ddc  |c KN 
999 |d 106300 
993 |0 0  |1 421180107025  |2 ddc  |4 0  |6 159_900000000000000  |7 0  |9 99673  |b 0  |c 107025  |d 2026-05-12  |e 0  |f DOSP  |g 159.9  |h 499.00  |i Dar  |l DOSP  |r 2026-05-12  |t 5  |w 2026-05-12  |y KN  |z NAUCNA  |n